Doscientos problemas de estadística descriptiva / (Registro nro. 7676)

Detalles MARC
000 -CABECERA
Campo de control interno 01849nam a2200253Ia 4500
008 - ELEMENTOS DE LONGITUD FIJA - INFORMACIÓN GENERAL
Campo de control de longitud fija 260220t1971||||xx |||||||||||||| ||spa||
040 ## - FUENTE DE CATALOGACIÓN
Agencia de catalogación original PY-SlUNAC
Idioma de catalogación spa
Convenciones de descripción rda
041 ## - CÓDIGO DE IDIOMA
Código de idioma para texto/pista de sonido o título separado spa
082 ## - NÚMERO DE CLASIFICACIÓN DECIMAL DEWEY
Clasificación Decimal Dewey (CDD) 519.53
Clasificación Expansiva de Cutter (EC) C334d
100 ## - ASIENTO PRINCIPAL - NOMBRE PERSONAL
Nombre personal Casa Aruta, Ernesto
Rol del autor Autor
245 #0 - TÍTULO
Título Doscientos problemas de estadística descriptiva /
Mención de responsabilidad por Ernesto Casa Aruta [Autor]
250 ## - MENCIÓN DE EDICIÓN
Mención de edición Tercera edición
264 ## - PIE DE IMPRENTA
Lugar Barcelona :
Editorial Editorial Vicens Vives,
Año ℗1971.
300 ## - DESCRIPCIÓN FÍSICA
Páginas 1 volumen
520 ## - NOTA DE RESUMEN
Nota de resumen En "Doscientos problemas de estadística descriptiva", Ernesto Casa Aruta presenta un compendio de ejercicios prácticos diseñado para facilitar la comprensión de conceptos fundamentales en estadística. A través de doscientos problemas variados, el autor aborda temas como medidas de tendencia central, dispersión, histogramas, gráficos de barras y análisis de datos. Cada problema se enmarca en contextos reales, lo que permite a los lectores aplicar los conocimientos teóricos a situaciones cotidianas, favoreciendo así un aprendizaje significativo. La obra está estructurada de manera progresiva, comenzando con problemas básicos y avanzando hacia desafíos más complejos, lo que la convierte en un recurso valioso tanto para estudiantes como para docentes. Además, el enfoque didáctico y la claridad en las explicaciones ayudan a desmitificar la estadística, promoviendo el desarrollo de habilidades analíticas. En conjunto, el libro no solo sirve como un manual de ejercicios, sino que también estimula el interés por el análisis estadístico en diversas disciplinas.
653 ## - MATERIA - TÉRMINO TEMÁTICO NO CONTROLADO (PALABRAS CLAVE)
Materia - término temático no controlado (palabras clave) Análisis de datos
653 ## - MATERIA - TÉRMINO TEMÁTICO NO CONTROLADO (PALABRAS CLAVE)
Materia - término temático no controlado (palabras clave) Estadística
653 ## - MATERIA - TÉRMINO TEMÁTICO NO CONTROLADO (PALABRAS CLAVE)
Materia - término temático no controlado (palabras clave) Métodos cuantitativos
942 ## - ELEMENTOS PERSONALIZADOS (KOHA)
Fecha catalogación 2026/02/17
Tipo de documento Libros
Existencias
Fuente de Clasificacion Colección Ubicacion permanente Biblioteca actual Fecha de Ingreso a la Biblioteca Origen de adquisición Enumeración en serie / cronología Código de ubicación Código de barras Tipo de Item KOHA Nota pública
Dewey Decimal Classification Colección General (CG) Biblioteca e Internet, Facultad de Ciencias Exactas y Naturales Biblioteca e Internet, Facultad de Ciencias Exactas y Naturales 02/20/2026 Donación 3aEd. 519.53 C334d CG1036 Libros Material disponible en la Biblioteca e Intenet, Campus UNA, San Lorenzo.